000 00981nam a22003137a 4500
001 BR7503488
003 BR-BrBNA
005 20230928084813.0
007 ta
008 230509b bl.||||| |||| 00| 0 por d
040 _aBR-BrBNA
_bpor
_cBiblioteca Nacional de Agricultura
041 _a(Por)
072 _aF00
_b0170
_b3575
_b/G514
090 _ 0170 BR7503488
100 1 _aCastro, J.R. de
110 1 _aUniversidade Federal do Ceara, Fortaleza (Brasil). Centro de Ciencias Agrarias. Depto. de Fitotecnia
_0Tese (Mestre em Fitotecnia)
245 1 _aMaturacao de semente de sorgo, Sorghum bicolor (L.)Moench [Pentecoste, Ceara, Brasil]
260 3 _aFortaleza, CE (Brasil):
_c1975.
300 _a31 p.
500 _aSummary (Por); 7 illus.; 9 tables; 32 ref.
650 _aSORGO GRANIFERO
650 _aMATURACAO
650 _aSEMENTE
650 _aGERMINACAO
650 _aPENTECOSTE
650 _aCEARA
909 _a202309
_bLucia
_c55
_dLucia Elande
942 _cBK
999 _c21188
_d21188